| Tag |
First Indicator |
Second Indicator |
Subfields |
| LEADER |
00000cam a2200000 a 4500 |
| 001 |
in00000010331 |
| 005 |
20190320161114.0 |
| 008 |
880304s1986 xx a b 00010 eng d |
| 035 |
|
|
|a (OCoLC)17576911
|
| 035 |
|
|
|9 AAA2535AM
|
| 040 |
|
|
|a TXA
|c TXA
|d UtOrBLW
|
| 043 |
|
|
|a n-us-tx
|
| 049 |
|
|
|a TXAR [Also in] [Archives]
|c 1 [A10711537], 2 [A10711587]
|
| 099 |
|
|
|a 1986
|a Record
|a of Study
|a H316
|
| 100 |
1 |
|
|a Harris, Susan Bailey.
|
| 245 |
1 |
0 |
|a Using a five phase model for program implementation and evaluation :
|b a case study of computer literacy /
|c by Susan Bailey Harris.
|
| 264 |
|
1 |
|a [Place of publication not identified] :
|b [publisher not identified] ;
|c 1986.
|
| 300 |
|
|
|a x, 294 leaves :
|b illustrations ;
|c 29 cm.
|
| 336 |
|
|
|a text
|b txt
|2 rdacontent
|
| 337 |
|
|
|a unmediated
|b n
|2 rdamedia
|
| 338 |
|
|
|a volume
|b nc
|2 rdacarrier
|
| 500 |
|
|
|a Typescript (photocopy).
|
| 502 |
|
|
|b Ed. D.
|c Texas A&M University
|d 1986.
|
| 500 |
|
|
|a Vita.
|
| 504 |
|
|
|a Bibliography: leaves 222-231.
|
| 500 |
|
|
|a "Major subject: Curriculum and Instruction."
|
| 650 |
|
0 |
|a Computer-assisted instruction
|z Texas
|x Planning
|x Models.
|
| 650 |
|
0 |
|a Computer-assisted instruction
|z Texas
|x Models
|x Evaluation.
|
| 650 |
|
4 |
|a Major curriculum and instruction.
|
| 856 |
4 |
1 |
|u http://proxy.library.tamu.edu/login?url=http://proquest.umi.com/pqdweb?did=752287891&sid=1&Fmt=2&clientId=2945&RQT=309&VName=PQD
|t 0
|
| 999 |
|
|
|a MARS
|
| 999 |
f |
f |
|s fe883054-85be-364b-8275-346b9ecc0422
|i 1684c2b5-5400-3539-9f30-422e84270830
|t 0
|
| 952 |
f |
f |
|p noncirc
|a Texas A&M University
|b J.J. Pickle Campus
|c High Density Repository
|s HDR
|d Remote Storage
|t 0
|e 1986 Record of Study H316
|h Other scheme
|i unmediated -- volume
|m A14839616186
|
| 952 |
f |
f |
|a Texas A&M University
|b College Station
|c Electronic Resources
|s www_evans
|d Available Online
|t 0
|e 1986 Record of Study H316
|h Other scheme
|
| 998 |
f |
f |
|a 1986 Record of Study H316
|t 0
|l Available Online
|
| 998 |
f |
f |
|a 1986 Record of Study H316
|t 0
|l Remote Storage
|